000 00494nam a2200181Ia 4500
005 20250508165012.0
008 008 250505s9999 xx 000 0 eng d
037 _aTextual
040 _aFEDL
_beng
_cFEDL
041 _aeng
_2eng
084 _a300.7, SAN
_qFEDL
100 _aSandeep Kumar
245 0 _aTeaching of social science: A resource book for social science teacher
260 _c2010
300 _a60p.
942 _cTEXL
_h300.7, SAN
999 _c1392584
_d1392584